[Event "Bad Griesbach Seniors op 23rd"]
[Site "Bad Griesbach"]
[Date "2021.11.20"]
[Round "7"]
[White "Korte, Markus"]
[Black "Schembera, Joerg"]
[Result "1-0"]
[WhiteElo "1940"]
[BlackElo "1726"]
[PlyCount "103"]
[EventDate "2021.11.14"]
[EventType "swiss"]
[EventRounds "7"]
[EventCountry "GER"]
[SourceTitle "EXT 2024"]
[Source "ChessBase"]
[SourceDate "2023.10.10"]
[SourceVersion "1"]
[SourceVersionDate "2023.10.10"]
[SourceQuality "1"]

1. e4 e5 2. Nf3 Nf6 3. d4 exd4 4. e5 Bb4+ 5. c3 dxc3 6. bxc3 Ba5 7. exf6 Qxf6 8. Qd4 Qxd4 9. Nxd4 0-0 10. Be2 Re8 11. 0-0 c5 12. Nb3 Rxe2 13. Nxa5 d5 14. Bf4 c4 15. Nd2 b6 16. Rfe1 Rxe1+ 17. Rxe1 Bd7 18. Re7 bxa5 19. Bxb8 Rxb8 20. Rxd7 Kf8 21. Rxd5 Rb2 22. g3 Rxa2 23. Nxc4 a4 24. Ra5 f6 25. Rxa7 h6 26. Nb6 a3 27. c4 Rb2 28. c5 a2 29. Kg2 Kg8 30. Nd5 Rb5 31. Rxa2 Rxc5 32. Ra8+ Kh7 33. Nf4 Rc7 34. h4 g5 35. Ne6 Re7 36. Nf8+ Kg7 37. h5 Kf7 38. Ng6 Rb7 39. Ra4 Kg7 40. Kf3 Rc7 41. Ke4 Rd7 42. Kf5 Rb7 43. Rd4 Ra7 44. Ke6 f5 45. Ne5 Ra6+ 46. Kxf5 Rf6+ 47. Ke4 Rxf2 48. Rd7+ Kg8 49. Ng4 Re2+ 50. Kf5 Rg2 51. Nxh6+ Kf8 52. g4 1-0

[Event "Berlin Eckbauer op 13th"]
[Site "Berlin"]
[Date "2010.10.25"]
[Round "6.16"]
[White "Schembera, Joerg"]
[Black "Krause, Clemens"]
[Result "1/2-1/2"]
[WhiteElo "1861"]
[BlackElo "2034"]
[PlyCount "27"]
[EventDate "2010.09.13"]
[EventType "swiss"]
[EventRounds "7"]
[EventCountry "GER"]
[SourceTitle "EXT 2022"]
[Source "ChessBase"]
[SourceDate "2021.10.06"]
[SourceVersion "1"]
[SourceVersionDate "2021.10.06"]
[SourceQuality "1"]

1. d4 Nf6 2. c4 e6 3. Nc3 d5 4. Bg5 Nbd7 5. Nf3 c6 6. cxd5 exd5 7. e3 Bd6 8. Bd3 0-0 9. 0-0 Qc7 10. Rc1 a6 11. Bf5 Be7 12. Re1 h6 13. Bh4 Nb6 14. Bxc8 1/2-1/2

[Event "Berlin Eckbauer op 13th"]
[Site "Berlin"]
[Date "2010.10.11"]
[Round "5.21"]
[White "Alves, Christopher"]
[Black "Schembera, Joerg"]
[Result "0-1"]
[WhiteElo "1357"]
[BlackElo "1861"]
[PlyCount "90"]
[EventDate "2010.09.13"]
[EventType "swiss"]
[EventRounds "7"]
[EventCountry "GER"]
[SourceTitle "EXT 2022"]
[Source "ChessBase"]
[SourceDate "2021.10.06"]
[SourceVersion "1"]
[SourceVersionDate "2021.10.06"]
[SourceQuality "1"]

1. c4 c5 2. Nc3 Nc6 3. g3 g6 4. Bg2 Bg7 5. e3 Nf6 6. Nge2 0-0 7. 0-0 a6 8. b3 Rb8 9. Bb2 b5 10. d4 bxc4 11. dxc5 Qc7 12. Ne4 Nxe4 13. Bxg7 Nxf2 14. Rxf2 Kxg7 15. Bxc6 Qxc6 16. Qd4+ f6 17. Qxc4 Bb7 18. e4 Qxe4 19. Qxe4 Bxe4 20. Rd1 Bf5 21. Nd4 Bg4 22. Rdd2 Rfc8 23. Rc2 e5 24. Nf3 Rb5 25. Nd2 Rbxc5 26. Rxc5 Rxc5 27. Ne4 Rc6 28. Rd2 Kf7 29. Kf2 Ke7 30. Ke3 f5 31. Nf2 Rc3+ 32. Rd3 Rxd3+ 33. Nxd3 Kd6 34. b4 Bh3 35. a4 Bf1 36. Nb2 Kd5 37. Nd3 Bxd3 38. Kxd3 g5 39. Kc3 f4 40. b5 axb5 41. axb5 f3 42. b6 Kc6 43. Kd3 e4+ 44. Kxe4 f2 45. b7 Kxb7 0-1

[Event "Stuttgart-chB int"]
[Site "Gerlingen"]
[Date "2007.05.20"]
[Round "7"]
[White "Schembera, Joerg"]
[Black "Leroy, Patrick"]
[Result "1/2-1/2"]
[WhiteElo "1675"]
[BlackElo "1770"]
[PlyCount "80"]
[EventDate "2007.05.17"]
[EventType "swiss"]
[EventRounds "7"]
[EventCountry "GER"]
[SourceTitle "EXT 2018"]
[Source "ChessBase"]
[SourceDate "2017.10.13"]
[SourceVersion "1"]
[SourceVersionDate "2017.10.13"]
[SourceQuality "1"]

1. d4 Nf6 2. Nf3 g6 3. c4 Bg7 4. Nc3 0-0 5. g3 d6 6. Bg2 c5 7. dxc5 dxc5 8. Qxd8 Rxd8 9. Bf4 a6 10. 0-0 Nbd7 11. Rad1 Re8 12. Na4 e5 13. Be3 Bf8 14. Nd2 Ng4 15. Ne4 Nxe3 16. fxe3 f5 17. Nd6 Bxd6 18. Rxd6 e4 19. Rfd1 b5 20. Nc3 Ne5 21. cxb5 axb5 22. Nxb5 Rxa2 23. Rd8 Kf8 24. Rxe8+ Kxe8 25. Nd6+ Kd7 26. Nxe4+ Ke7 27. Nxc5 Rxb2 28. Nd3 Rb5 29. Nxe5 Rxe5 30. Kf2 g5 31. Rd4 h6 32. Bf3 Kf6 33. h4 Ba6 34. hxg5+ hxg5 35. Rd6+ Re6 36. Rxe6+ Kxe6 37. e4 f4 38. gxf4 gxf4 39. e3 Ke5 40. exf4+ Kxf4 1/2-1/2

[Event "Stuttgart-chB int"]
[Site "Gerlingen"]
[Date "2007.05.18"]
[Round "4"]
[White "Hirneise, Lothar"]
[Black "Schembera, Joerg"]
[Result "0-1"]
[WhiteElo "1436"]
[BlackElo "1675"]
[PlyCount "46"]
[EventDate "2007.05.17"]
[EventType "swiss"]
[EventRounds "7"]
[EventCountry "GER"]
[SourceTitle "EXT 2018"]
[Source "ChessBase"]
[SourceDate "2017.10.13"]
[SourceVersion "1"]
[SourceVersionDate "2017.10.13"]
[SourceQuality "1"]

1. d4 b6 2. c4 Bb7 3. Nc3 Nf6 4. Bg5 e6 5. e3 Be7 6. Qc2 0-0 7. Nf3 d5 8. Bd3 dxc4 9. Bxc4 Nbd7 10. Bd3 Rc8 11. 0-0-0 c5 12. dxc5 Rxc5 13. Kb1 Qc7 14. Bxh7+ Kh8 15. Bd3 Bxf3 16. gxf3 Rxg5 17. h4 Rc5 18. h5 Nd5 19. h6 Nxc3+ 20. bxc3 g6 21. Bxg6 Bf6 22. Bxf7 Rxf7 23. Qg6 Rb5+ 0-1

[Event "Stuttgart-chB int"]
[Site "Gerlingen"]
[Date "2007.05.17"]
[Round "2"]
[White "Schumann, Kai"]
[Black "Schembera, Joerg"]
[Result "1-0"]
[WhiteElo "1882"]
[BlackElo "1675"]
[PlyCount "135"]
[EventDate "2007.05.17"]
[EventType "swiss"]
[EventRounds "7"]
[EventCountry "GER"]
[SourceTitle "EXT 2018"]
[Source "ChessBase"]
[SourceDate "2017.10.13"]
[SourceVersion "1"]
[SourceVersionDate "2017.10.13"]
[SourceQuality "1"]

1. d4 Nf6 2. Nf3 b6 3. g3 Bb7 4. Bg2 e6 5. 0-0 Be7 6. c4 0-0 7. Nc3 d5 8. Ne5 Nbd7 9. cxd5 Nxe5 10. d6 Bxg2 11. dxe7 Qxe7 12. dxe5 Rad8 13. exf6 gxf6 14. Qa4 Bxf1 15. Bh6 Bh3 16. Qh4 Bf5 17. e4 Rd4 18. Bxf8 Qxf8 19. Qxf6 Rxe4 20. Nxe4 Bxe4 21. Rd1 Bd5 22. Rd4 h5 23. Qg5+ Qg7 24. Qxg7+ Kxg7 25. b4 Bxa2 26. Rd7 a5 27. bxa5 bxa5 28. Rxc7 a4 29. Ra7 Bb3 30. Kg2 Kg6 31. Kf3 e5 32. Ke4 f6 33. f4 Bc2+ 34. Ke3 Kf5 35. Ra5 Bb3 36. fxe5 fxe5 37. h3 Bc2 38. Ra8 Bb3 39. Rf8+ Ke6 40. Rh8 a3 41. Rxh5 a2 42. Rh6+ Kf5 43. Ra6 Bd5 44. Ra5 Kg5 45. Kd2 Bg2 46. Rxe5+ Kf6 47. Ra5 Bxh3 48. Rxa2 Kf5 49. Ra4 Bg4 50. Ke3 Kg5 51. Ra5+ Bf5 52. Kf3 Kg6 53. Kf4 Bd3 54. Rd5 Bc4 55. Rd6+ Kg7 56. Kg5 Kf7 57. Rd7+ Ke6 58. Rc7 Bd5 59. g4 Kd6 60. Rc3 Ke6 61. Kh6 Kf6 62. Rc7 Bb3 63. g5+ Kf5 64. g6 Kf6 65. g7 Bd5 66. Rc8 Bb3 67. g8Q Bxg8 68. Rxg8 1-0

[Event "Stuttgart-chB int"]
[Site "Ditzingen"]
[Date "2006.05.27"]
[Round "5"]
[White "Schaefer, Daniela"]
[Black "Schembera, Joerg"]
[Result "0-1"]
[WhiteElo "1377"]
[BlackElo "1688"]
[PlyCount "80"]
[EventDate "2006.05.25"]
[EventType "swiss"]
[EventRounds "7"]
[EventCountry "GER"]
[SourceTitle "EXT 2018"]
[Source "ChessBase"]
[SourceDate "2017.10.13"]
[SourceVersion "1"]
[SourceVersionDate "2017.10.13"]
[SourceQuality "1"]

1. e4 c5 2. Nf3 d6 3. d4 cxd4 4. Nxd4 Nf6 5. Nc3 Nc6 6. Be3 g6 7. Be2 Bg7 8. 0-0 0-0 9. f3 h6 10. Qd2 Kh7 11. Rad1 a6 12. Nxc6 bxc6 13. e5 Nd5 14. Nxd5 cxd5 15. Qxd5 Be6 16. Qe4 Bxe5 17. b3 f5 18. Qd3 f4 19. Bd4 Bf5 20. Qc3 Rc8 21. Qa1 Bxd4+ 22. Rxd4 Qb6 23. Kh1 e5 24. Rc4 Bxc2 25. Qc3 Rxc4 26. Qxc4 Bf5 27. Rc1 Kg7 28. Qxa6 Qxa6 29. Bxa6 Ra8 30. Rc6 Bb1 31. a4 Rb8 32. Rc3 d5 33. Rc7+ Kf6 34. Rb7 Rd8 35. Rc7 d4 36. Rc1 Bf5 37. Bb7 d3 38. Be4 d2 39. Rd1 Bxe4 40. fxe4 Rc8 0-1

[Event "Stuttgart-chB int"]
[Site "Ditzingen"]
[Date "2006.05.26"]
[Round "4"]
[White "Schembera, Joerg"]
[Black "Nadj, Georg"]
[Result "1/2-1/2"]
[WhiteElo "1688"]
[BlackElo "1420"]
[PlyCount "36"]
[EventDate "2006.05.25"]
[EventType "swiss"]
[EventRounds "7"]
[EventCountry "GER"]
[SourceTitle "EXT 2018"]
[Source "ChessBase"]
[SourceDate "2017.10.13"]
[SourceVersion "1"]
[SourceVersionDate "2017.10.13"]
[SourceQuality "1"]

1. d4 d5 2. c4 c6 3. cxd5 Qxd5 4. Nc3 Qa5 5. e3 Nf6 6. Bd2 Qb6 7. Qc2 g6 8. Bd3 Bg7 9. Nf3 0-0 10. 0-0 Nbd7 11. Rfe1 Qc7 12. Ne4 e5 13. dxe5 Nxe5 14. Nxe5 Qxe5 15. Bc3 Qe7 16. a3 Nxe4 17. Bxg7 Kxg7 18. Bxe4 Be6 1/2-1/2

[Event "Wuerttemberg candidate op"]
[Site "Oeffingen"]
[Date "2002.08.28"]
[Round "5"]
[White "Toelg, Wolfgang"]
[Black "Schembera, Joerg"]
[Result "1/2-1/2"]
[WhiteElo "1580"]
[BlackElo "1691"]
[PlyCount "30"]
[EventDate "2002.??.??"]
[EventType "swiss"]
[EventRounds "9"]
[EventCountry "GER"]
[SourceTitle "EXT 2004"]
[Source "ChessBase"]
[SourceDate "2003.11.25"]
[SourceVersion "1"]
[SourceVersionDate "2003.11.25"]
[SourceQuality "1"]

1. e4 e5 2. f4 d5 3. exd5 e4 4. Nc3 Nf6 5. d4 Bb4 6. Bd2 0-0 7. Nge2 Re8 8. a3 Ba5 9. b4 Bb6 10. Be3 Nxd5 11. Nxd5 Qxd5 12. Ng3 Qd8 13. c4 c6 14. c5 Bc7 15. Bc4 Qf6 1/2-1/2

[Event "Wuerttemberg candidate op"]
[Site "Oeffingen"]
[Date "2002.08.24"]
[Round "1"]
[White "Pohl, Walter"]
[Black "Schembera, Joerg"]
[Result "1-0"]
[WhiteElo "2110"]
[BlackElo "1691"]
[PlyCount "95"]
[EventDate "2002.??.??"]
[EventType "swiss"]
[EventRounds "9"]
[EventCountry "GER"]
[SourceTitle "EXT 2004"]
[Source "ChessBase"]
[SourceDate "2003.11.25"]
[SourceVersion "1"]
[SourceVersionDate "2003.11.25"]
[SourceQuality "1"]

1. d4 Nf6 2. Nf3 e6 3. Bg5 Be7 4. Nbd2 d5 5. e3 b6 6. Ne5 Ba6 7. Bd3 Bxd3 8. cxd3 Nfd7 9. Bxe7 Qxe7 10. Qa4 0-0 11. Nc6 Nxc6 12. Qxc6 Qd6 13. Rc1 Rfc8 14. b4 a6 15. f4 Qxc6 16. Rxc6 Nb8 17. Rc2 Nd7 18. Nb3 c6 19. Ke2 Ra7 20. Rhc1 Rac7 21. a4 Kf8 22. g4 f5 23. h3 h6 24. Kf3 Ke7 25. e4 g6 26. gxf5 gxf5 27. exf5 exf5 28. Rg2 Kf6 29. h4 Nf8 30. h5 Rg7 31. Rxg7 Kxg7 32. b5 axb5 33. axb5 Kf7 34. bxc6 Ke7 35. Re1+ Kd6 36. Re5 Ne6 37. Rxf5 Rxc6 38. Rf6 Rc3 39. f5 Rxd3+ 40. Kf2 Rxb3 41. Rxe6+ Kc7 42. f6 Rb2+ 43. Kg3 Rb3+ 44. Kf4 Rb1 45. Kf5 b5 46. Ke5 b4 47. f7 Rf1 48. Rf6 1-0